000 00624nam a2200241Ia 4500
003 OSt
005 20221007103636.0
006 a|||||r|||| 00| 0
007 ta
008 221006b |||||||| |||| 00| 0 eng d
024 _a13,651
037 _cTextual
040 _aLCO
_cLCO
_beng
041 _2eng
_aeng
082 _aZ2,94y7, L5
100 _aHeydon J.D.
_9705392
245 0 _aCases and Materials Evidence
260 _aLondon
_bButterworths & Co. Ltd
_c1975
300 _a451
650 _aEvidence Law
_9681863
942 _hZ2,94y7, L5
_cTEXL
999 _c1183214
_d1183214